00642 2200217 4500001002100000005001700021008004100038020002200079035002500101040001200126082001000138084002000148100003900168245007500207260003300282300003400315500003100349650001000380850001200390990002200402INLIS00000000000982920151019093501.0  a978-602-280-159-7 a0010-081500000001267 aYOPDYOG a540.1 aDEP 540.1 Agu B aAGUNG NUGROHO CATUR SAPUTRO, 1977- aBuku ajar konsep dasar kimia koordinasic/ Agung Nugroho Catur Saputro aYogyakartabDeepublishc2013 ax, 218 hlm.b: ilus.c; 25 cm aBibliografi : hlm. 197-199 aKimia aYOPDYOG aCB-D.11-2013-2158